000 00593nam a22001817a 4500
003 0
005 20160609165240.0
008 100107t xxu||||| |||| 00| 0 eng d
037 _aM15398
_bBIBLIO
040 _aUAC
_bF
_cEPAC
082 _a27.APE/AGB
100 _aSerge Agossou AGBOHOUNGBO
_92600
245 _aReproduction artificielle et élevage du poisson-chat africain Clarias Gariepinus: cas de la ferme piscicole SENA dans la commune d'Avrankou
260 _aEPAC
_bBIBLIO
_c2007-2008
300 _aI-51p
_c29cm
650 _aAMENAGEMENT PROTECTION ENVIRONNEMENT
_92601
942 _cTHE
999 _c46666
_d46666